Co to za kraj? Dla geomexa - Statystyki

Ogólne statystyki
  • Ten quiz został rozwiązany 525 razy
  • Średni wynik to 5 z 15
Statystyki odpowiedzi
Podpowiedź Odpowiedź % Poprawnych
Nikt nie lubi tego kraju. Rosja
82%
Znajduję się tam wulkan Etna. Włochy
62%
Składają się z siedmiu emiratów. Zjednoczone Emiraty Arabskie
60%
Port w Rotterdamie jest największym portem w Europie. Holandia
59%
Nazywany jest on Republiką Chińską. Tajwan
51%
Gdzie urodziła się Ava Max. Stany Zjednoczone
41%
Graniczy min. z Republiką Środkowoafrykańską, z Sudanem, z Ugandą, Rwandą, Burundi i Tanzanią. Demokratyczna Republika Konga
37%
Jak nazywa się najlepszy jupiter? Geomex
27%
Ten kraj ma największą liczbę gór spośród narodów karaibskich. Haiti
24%
Została skolonizowana przez Włochy, Francję i Wielką Brytanię. Somalia
12%
Znajduję się tam najstarsza działająca destylarnia wodna na Karaibach – River Antoine Rum Distillery. Grenada
7%
Jak nazywa się pierwszy odcinek na kanale GeoMex? CZY ZNAM WSZYSTKIE KRAJE ŚWIATA?
6%
Jest 14. najstarszym krajem na świecie. Andora
4%
Santo Antão jest drugą co do wielkości wyspą na tym archipelagu. Republika Zielonego Przylądka
4%
Znajduję się tam Fort Gissar. Tadżykistan
2%
Nie znaleziono quizów pasujących do podanych kryteriów
Rozkład punktacji
Procent ludzi z każdym wynikiem
Percentyl według liczby udzielonych odpowiedzi
Twoja historia wyników
Nie rozwiązałeś tego quizu